00640cam a22002175i 450000100090000000300040000900500170001300800410003001000170007102000180008804000230010604200150012908200180014424500530016226400530021530000530026833600260032133700280034733800270037550000200040223019720OSt20230619152526.0230315s2022 ke a 001 0 eng  a 2023320216 a9789966194749 aDLCbengerdacDLC alcodeapcc a920bKEN 202200aKibaki cabinets.cKenya Yearbook Editorial Board 1aNairobi :bKenya Yearbook Editorial Board,c2022 ax, 409 pages :bcolor illustrations ;c21 x 31cm atextbtxt2rdacontent aunmediatedbn2rdamedia avolumebnc2rdacarrier aIncludes index.